Σαντορίνη, αγαπημένο μου-- "διαβολόνησο!"

Saved in:
Bibliographic Details
Main Author: Σαντοριναίου, Μυρσίνη
Format: Book
Language:Greek
Published: Αθήνα : [χ.ό.], [1985]
Subjects:
Tags: Add Tag
No Tags, Be the first to tag this record!

MARC

LEADER 00000cam a2200000 a 4500
001 1/122310
008 201119s1985####gr | ||| |||| ||gre||
040 |a GR-MyUa  |b gre  |c GR-MyUa  |e AACR2 
041 0 |a gre 
082 7 |a 938.971   |2 (23) 
100 1 |a Σαντοριναίου, Μυρσίνη. 
245 1 0 |a Σαντορίνη, αγαπημένο μου-- "διαβολόνησο!" /   |c Μυρσίνη Σαντοριναίου. 
260 |a Αθήνα :   |b [χ.ό.],   |c [1985] 
300 |a 265 σ. :   |b εικ. ;   |c 23 εκ. 
651 0 |a Santorini Island (Greece)  |x Description and travel. 
852 |a INST  |b SYROS  |c KYK  |e 20201119  |h 938.971 ΣΑΝ  |p 005500014728  |q 005500014728  |t BK  |y 0 
920 |a Κωνσταντινίδης  |b Παναγιώτης  |y Σύρος  |z 2017-12 
970 |a Κοντού  |b Παρασκευή  |z 19/11/2020